Nordic Countries - One, All or None? - Statistics

General Stats
  • This quiz has been taken 899 times
  • The average score is 12 of 18
Answer Stats
Question Answer % Correct
Has a cross on its flag. All of the above
95%
Does not border any other country. Iceland
91%
Capital starts with a vowel. Norway
91%
Shares a border with Russia. Norway
86%
Where Nobel Prizes are awarded. Sweden
86%
Controlls territory in North America. Denmark
82%
NOT a member of the European Union. Iceland
82%
Drives on the left side of the road. No answer is correct
82%
Has a coastal capital. All of the above
77%
Its human development is considered to be very high. All of the above
77%
Remained neutral throughout the entirety of World War II. Sweden
73%
A majority of the population speak a slavic language. No answer is correct
68%
Uses the Euro as its currency. Finland
50%
More populous than the U.S state of Michigan. Sweden
50%
A parliamentary republic. Finland
45%
Country name is spelled the same in English as in its most spoken native language. No answer is correct
45%
Has a bicameral parliament. No answer is correct
27%
Participated directly in the Iraq War. Denmark
9%
No matching quizzes found
Score Distribution
Percent of People with Each Score
Percentile by Number Answered
Your Score History
You have not taken this quiz